000 00776nam a2200253 a 4500
001 59374
003 BD-RjUL
005 20211209080725.0
008 161224s1978 mau b 001 0 eng
020 _a0876261055 :
_c$11.95
035 _a(BD-RjUL)59498
040 _aDLC
_cDLC
_dBD-RjUL
_beng
041 _aeng
082 0 0 _a306.2
_223
_bSZC 1978
100 1 _aSzymanski, Albert,
_d1941-
_9176604
245 1 4 _aThe capitalist state and the politics of class /
_cAlbert Szymanski.
260 _aCambridge, Mass. :
_bWinthrop Publishers,
_cc1978.
300 _axvi, 333 p. ;
_c25 cm.
490 0 _aWinthrop sociology series
504 _aIncludes bibliographical references and index.
650 0 _aPolitical sociology.
_9170345
942 _2ddc
_cBK
999 _c59374
_d59374